Superhero Party Logic Puzzle Quiz Stats

 Plays Quiz Updated Jul 28, 2014

Score 0/30 Timer 20:00
53 Plays Today
Hint Answer % Correct
BATMAN???
100%
HULK???
75.8%
THE FLASH???
68.1%
SUPERGIRL???
66.6%
MARTIAN MANHUNTER???
59.3%
ROBIN???
45.6%
STORM???
43.4%
CAPTAIN AMERICA???
41.4%
IRON MAN???
38.6%
HARLEY QUINN???
36.2%
SCARLET WITCH???
33.9%
CYCLOPS???
31.7%
WONDER WOMAN???
31.3%
BATGIRL???
31.2%
SPIDER-MAN???
30.3%
Hint Answer % Correct
THE JOKER???
30.2%
DR. DOOM???
30.1%
JEAN GREY???
28.8%
DR. STRANGE???
26.2%
MAGNETO???
23.5%
MR. FANTASTIC???
23.5%
WOLVERINE???
23.1%
SUPERMAN???
22.8%
THOR???
22.4%
LOKI???
22.4%
DEADPOOL???
18.8%
LEX LUTHOR???
17%
GREEN LANTERN???
16.3%
CATWOMAN???
16%
THE PUNISHER???
12.2%

You're not logged in!

Compare scores with friends on all Sporcle quizzes.
OR
Log In

Show Comments

Extras

Top Quizzes Today


Score Distribution

Your Account Isn't Verified!

In order to create a playlist on Sporcle, you need to verify the email address you used during registration. Go to your Sporcle Settings to finish the process.

Report this User

Report this user for behavior that violates our Community Guidelines.

Details: